| 000 | 01078nam a22003011a 4500 | ||
|---|---|---|---|
| 001 | 4908679 | ||
| 005 | 20110718132427.0 | ||
| 008 | 941123s1995 enka b 000 0 eng | ||
| 010 | _a94046562 | ||
| 020 | _a0582253594 | ||
| 020 | _a0582253594 | ||
| 035 | _9(DLC) 94046562 | ||
| 040 |
_aDLC _cDLC _dDLC |
||
| 050 | 0 | 0 |
_aPE 1074.7 .Q57 1995 _bPE 1074.7 .Q57 1995 |
| 082 | 0 | 0 |
_a427 _220 |
| 100 | 1 | _aQuirk, Randolph. | |
| 245 | 1 | 0 |
_aGrammatical and lexical variance in English / _cRandolph Quirk. _h[Text] |
| 260 |
_aLondon _aLondon _bLongman _c1995 |
||
| 300 |
_ax, 220 p. : _bill. ; _c23 cm. |
||
| 504 | _aIncludes bibliographical references (p. 213-220). | ||
| 650 | 0 |
_aEnglish language _xGrammar. |
|
| 650 | 0 | _aLexicology. | |
| 650 | 0 |
_aEnglish language _xVariation. |
|
| 906 |
_a7 _bcbc _corignew _d1 _eocip _f19 _gy-gencatlg |
||
| 920 | _a**LC HAS REQ'D # OF SHELF COPIES** | ||
| 991 |
_bc-GenColl _hPE1074.7 _i.Q57 1995 _p00016258428 _tCopy 1 _wBOOKS |
||
| 999 |
_c37221 _d37221 |
||